Sports Quiz

Random Sports or Basketball Quiz

NBA Career MVP Shares Quiz Stats

 Plays Quiz Updated Jul 13, 2017

Challenge
Share
Tweet
Embed
Score 0/50 Timer 08:00
5 Plays Today
Rank Player % Correct
1Michael Jordan
98.9%
2*LeBron James
96.4%
10Kobe Bryant
95%
5Magic Johnson
93.3%
4Larry Bird
91.6%
7Shaquille O'Neal
90.7%
3Kareem Abdul-Jabbar
86.9%
9Tim Duncan
86.1%
11Wilt Chamberlain
85.3%
8Karl Malone
84%
15Moses Malone
83.7%
23Steve Nash
82%
6Bill Russell
79.7%
17Kevin Garnett
78.8%
25Jerry West
78.2%
28*Dirk Nowitzki
76.8%
14David Robinson
74.4%
19Hakeem Olajuwon
74.4%
32Allen Iverson
74%
22Charles Barkley
70.1%
34Patrick Ewing
68.2%
13*Kevin Durant
67.3%
12Julius Erving
61.7%
45Jason Kidd
61.6%
21Oscar Robertson
61%
Rank Player % Correct
37*Dwight Howard
56.9%
29*Chris Paul
55.7%
42*Derrick Rose
54.9%
48Bob Cousy
54.8%
49Tracy McGrady
52.5%
30Elgin Baylor
49.7%
50Dominique Wilkins
47.5%
31*Russell Westbrook
47.5%
24*Stephen Curry
44.4%
18Bob Pettit
41.5%
47George Gervin
41.4%
40Willis Reed
39.6%
20*James Harden
39.3%
36Larry Jones
35.4%
43*Kawhi Leonard
34.8%
44Alonzo Mourning
31.1%
26Ricky Barry
29.2%
33Bob McAdoo
28.2%
35Dave Cowens
26.3%
46Artis Gilmore
9.1%
38Billy Cunningham
9.1%
39Spencer Haywood
4.2%
27Connie Hawkins
3.9%
16Mel Daniels
1.6%
41Doug Moe
0.8%

You're not logged in!

Compare scores with friends on all Sporcle quizzes.
Join for Free
OR
Log In

You Might Also Like...

Show Comments

Extras

Top Quizzes Today


Score Distribution

Your Account Isn't Verified!

In order to create a playlist on Sporcle, you need to verify the email address you used during registration. Go to your Sporcle Settings to finish the process.

Report this User

Report this user for behavior that violates our Community Guidelines.

Details: